[Event "NM for klubblag 2019"]
[Site "Scandic Ambassadeur, Drammen"]
[Date "2019.05.30"]
[Round "2"]
[White "Abdrlauf, Elham"]
[Black "Thrana, Svein Arne"]
[Result "1-0"]
[WhiteElo "2231"]
[BlackElo "1819"]
[PlyCount "61"]
[EventDate "2019.??.??"]

1. e4 c5 2. Nf3 Nc6 3. c3 d5 4. exd5 Qxd5 5. d4 Bg4 6. Nbd2 e6 7. Bc4 Qh5 8.
Qa4 Bxf3 9. Nxf3 Bd6 10. dxc5 Bxc5 11. O-O Bb6 12. Qb5 Qxb5 13. Bxb5 Nge7 14.
Bf4 Rd8 15. Ne5 O-O 16. Nc4 Nd5 17. Bd6 Rfe8 18. Rfd1 Rd7 19. Rd2 Red8 20. Rad1
h6 21. Bg3 Nf6 22. Rxd7 Rxd7 23. Rxd7 Nxd7 24. Nd6 a6 25. Ba4 Nc5 26. Bc2 Nd8
27. b4 Nd7 28. Be4 Nf6 29. Bf3 Nd5 30. Bxd5 exd5 31. Nc8
1-0

[Event "NM for klubblag 2019"]
[Site "Scandic Ambassadeur, Drammen"]
[Date "2019.05.30"]
[Round "2"]
[White "Nord, Dag E Bjørkevoll"]
[Black "Melaa, Sondre Lillestøl"]
[Result "0-1"]
[WhiteElo "1707"]
[BlackElo "2038"]
[PlyCount "72"]
[EventDate "2019.??.??"]

1. e4 e5 2. Nf3 Nc6 3. Bb5 a6 4. Ba4 Nf6 5. O-O Be7 6. c3 Nxe4 7. Re1 Nc5 8.
Bxc6 dxc6 9. Nxe5 O-O 10. d4 Nd7 11. f4 c5 12. d5 Nb6 13. c4 f6 14. Nf3 Bd6 15.
b3 Re8 16. g3 Bg4 17. Nbd2 Qd7 18. Bb2 Rxe1+ 19. Qxe1 c6 20. dxc6 Qxc6 21. Qe4
Qxe4 22. Nxe4 Bxf3 23. Nxd6 Rd8 24. Rf1 Bc6 25. Nf5 Be4 26. Ne3 Rd2 27. Ba3 Nd7
28. Ra1 Re2 29. Ng4 b6 30. Nf2 Bf3 31. b4 Re3 32. Bb2 cxb4 33. Bd4 Re2 34. Kf1
Nc5 35. a3 Nb3 36. Rb1 Nd2+
0-1

[Event "NM for klubblag 2019"]
[Site "Scandic Ambassadeur, Drammen"]
[Date "2019.05.30"]
[Round "2"]
[White "Ingebretsen, Jens E"]
[Black "Areklett, Ivar"]
[Result "1-0"]
[WhiteElo "2243"]
[BlackElo "1984"]
[PlyCount "158"]
[EventDate "2019.??.??"]

1. c4 Nc6 2. d4 Nf6 3. Nc3 e5 4. d5 Ne7 5. Nf3 Ng6 6. h4 h5 7. Bg5 d6 8. e3 Bf5
9. Be2 Be7 10. Nh2 Ne4 11. Nxe4 Bxe4 12. Qa4+ Qd7 13. Qxd7+ Kxd7 14. Bxe7 Nxe7
15. Nf3 f6 16. O-O-O c6 17. dxc6+ bxc6 18. Nd2 Bf5 19. Rdg1 d5 20. Bf3 Bg4 21.
Rd1 Kc7 22. Bxg4 hxg4 23. e4 d4 24. g3 c5 25. f3 gxf3 26. Nxf3 Kd6 27. h5 g6
28. g4 Rag8 29. h6 g5 30. h7 Rg7 31. Rh6 Ng6 32. Rdh1 Ke7 33. Ne1 Nf8 34. Nd3
Rgxh7 35. Rxh7+ Rxh7 36. Rxh7+ Nxh7 37. Nxc5 Nf8 38. b4 Ne6 39. Nb3 Nf4 40. Kd2
Ng2 41. c5 Ne3 42. b5 Kd7 43. a4 Nxg4 44. a5 Nf2 45. a6 Kc7 46. b6+ axb6 47. a7
Kb7 48. cxb6 Nxe4+ 49. Kd3 Nd6 50. Nc5+ Ka8 51. Na6 e4+ 52. Ke2 d3+ 53. Kd1 Kb7
54. Nc7 Kxb6 55. a8=Q Kxc7 56. Qf8 f5 57. Qe7+ Kc6 58. Qxg5 Kd5 59. Qf4 Ke6 60.
Qc1 Kd5 61. Qg5 Kd4 62. Qd8 Ke5 63. Qa5+ Ke6 64. Qd2 Kd5 65. Qh6 Kc5 66. Qg5
Kd5 67. Kd2 Ke5 68. Kd1 Kd5 69. Qe7 Kc6 70. Qg5 Kd5 71. Qf4 Ke6 72. Qc1 Kd5 73.
Qa3 Ke5 74. Qa5+ Ke6 75. Qd2 Kd5 76. Qh6 Ke5 77. Kc1 Kd5 78. Qg6 Kc5 79. Qe6
Nb5 1-0

[Event "NM for klubblag 2019"]
[Site "Scandic Ambassadeur, Drammen"]
[Date "2019.05.30"]
[Round "2"]
[White "Mirza, Raad"]
[Black "Hammer, Jon Ludvig"]
[Result "0-1"]
[WhiteElo "1998"]
[BlackElo "2645"]
[PlyCount "66"]
[EventDate "2019.??.??"]

1. e4 e6 2. d4 d5 3. e5 c5 4. c3 Qb6 5. a3 Nc6 6. Nf3 Nh6 7. Bd3 cxd4 8. cxd4
Bd7 9. Bc2 Nf5 10. Bxf5 exf5 11. O-O Be7 12. Nc3 Be6 13. Qd3 h6 14. Ne2 Qa6 15.
Qxa6 bxa6 16. Bd2 g5 17. Rfc1 Kd7 18. b4 f4 19. Ne1 Bf5 20. Rc3 Rhc8 21. Rac1
Nd8 22. g3 fxg3 23. Nxg3 Bg6 24. f4 Rxc3 25. Rxc3 gxf4 26. Bxf4 Ne6 27. Be3 h5
28. h3 Rc8 29. Rxc8 Kxc8 30. Nf3 a5 31. bxa5 Bxa3 32. Nh4 Kb7 33. Nhf5 Ka6
0-1

[Event "NM for klubblag 2019"]
[Site "Scandic Ambassadeur, Drammen"]
[Date "2019.05.30"]
[Round "2"]
[White "Agdestein, Simen"]
[Black "Rukovci, Shemsi"]
[Result "1-0"]
[WhiteElo "2569"]
[BlackElo "1914"]
[PlyCount "143"]
[EventDate "2019.??.??"]

1. e4 e5 2. Nf3 Nf6 3. Nc3 Bb4 4. Nxe5 Qe7 5. Nd3 Bxc3 6. dxc3 Qxe4+ 7. Be2 O-O
8. O-O d6 9. Bg5 Qf5 10. Bh4 Nc6 11. h3 g5 12. Bg3 Qg6 13. a4 a5 14. Bh2 Bd7
15. f3 Rae8 16. Rf2 Ne7 17. c4 Nf5 18. c5 Ne3 19. Qd2 Re6 20. cxd6 cxd6 21. Ne1
Rfe8 22. Bxd6 h5 23. Bg3 h4 24. Bh2 Bc6 25. Nd3 Nh5 26. Nc5 R6e7 27. Bd3 Qg7
28. Ne4 f5 29. Qxe3 fxe4 30. fxe4 Bxe4 31. Bxe4 Rxe4 32. Qb3+ Kh8 33. Raf1 Re3
34. Qd5 R3e4 35. c3 Re1 36. Rf7 Rxf1+ 37. Rxf1 Ng3 38. Bxg3 hxg3 39. Qf3 Qe5
40. Qh5+ Kg8 41. Qg6+ Kh8 42. Qh5+ Kg8 43. Qf7+ Kh8 44. Kh1 g4 45. hxg4 Rd8 46.
b4 axb4 47. cxb4 Qg5 48. Qh5+ Qxh5+ 49. gxh5 Rd4 50. Rb1 Kh7 51. a5 Kh6 52. b5
Ra4 53. a6 b6 54. Kg1 Kxh5 55. Kf1 Ra2 56. Rb3 Kg4 57. Rb4+ Kf5 58. Rb3 Kg4 59.
Rf3 Ra1+ 60. Ke2 Ra2+ 61. Ke3 Rxg2 62. Rf6 Ra2 63. Rxb6 Kf5 64. Rb8 g2 65. Rg8
Ke5 66. Rxg2 Rxg2 67. a7 Rg3+ 68. Kf2 Ra3 69. b6 Kf4 70. b7 Ra2+ 71. Ke1 Ke3
72. a8=Q
1-0

[Event "NM for klubblag 2019"]
[Site "Scandic Ambassadeur, Drammen"]
[Date "2019.05.30"]
[Round "2"]
[White "Johnsen, Øystein"]
[Black "Fossum, Øystein Bøyum"]
[Result "0-1"]
[WhiteElo "1995"]
[BlackElo "2258"]
[PlyCount "78"]
[EventDate "2019.??.??"]

1. d4 Nf6 2. Nf3 g6 3. c4 Bg7 4. Nc3 c5 5. d5 d6 6. e4 O-O 7. Bd3 e6 8. O-O
exd5 9. cxd5 Bg4 10. h3 Bxf3 11. Qxf3 Nbd7 12. Bf4 Ne8 13. Rab1 a6 14. a4 Rc8
15. Qd1 c4 16. Bc2 Ne5 17. Be3 Nc7 18. a5 Nb5 19. Bb6 Qe7 20. Na4 Rfe8 21. Re1
Nd7 22. Be3 Qd8 23. Nb6 Nxb6 24. Bxb6 Qh4 25. Qc1 Nd4 26. Qd1 Nb5 27. Qc1 c3
28. b3 Re7 29. Be3 Bd4 30. Qd1 Bxe3 31. Rxe3 Qf6 32. Qd3 Rec7 33. Rc1 Qd8 34.
f4 Rc5 35. b4 Rc4 36. Rb1 Rd4 37. Qf1 Na3 38. Rc1 Rxb4 39. Re2 Qxa5
0-1

[Event "NM for klubblag 2019"]
[Site "Scandic Ambassadeur, Drammen"]
[Date "2019.05.30"]
[Round "2"]
[White "Vea, Odin Blikra"]
[Black "Kopperud, Vidar Aleksander"]
[Result "1-0"]
[WhiteElo "2206"]
[BlackElo "1766"]
[PlyCount "49"]
[EventDate "2019.??.??"]

1. e4 c5 2. Nc3 Nc6 3. f4 d6 4. Nf3 g6 5. Bc4 Bg7 6. f5 e6 7. fxe6 Bxe6 8. d3
Nd4 9. O-O h6 10. Nxd4 Bxd4+ 11. Kh1 a6 12. Bxe6 fxe6 13. Qg4 g5 14. Qxe6+ Ne7
15. Nd5 Rh7 16. Be3 Be5 17. Rf5 Qd7 18. Rxe5 Qxe6 19. Rxe6 Kd7 20. Rxe7+ Rxe7
21. Nb6+ Kc6 22. Nxa8 Re8 23. b4 Rxa8 24. bxc5 dxc5 25. Rf1
1-0

[Event "NM for klubblag 2019"]
[Site "Scandic Ambassadeur, Drammen"]
[Date "2019.05.30"]
[Round "2"]
[White "Grave, Jacob Templen"]
[Black "Danielsen, Magnus"]
[Result "1-0"]
[WhiteElo "1747"]
[BlackElo "2069"]
[PlyCount "37"]
[EventDate "2019.??.??"]

1. d4 Nf6 2. c4 e6 3. Nc3 Bb4 4. e3 b6 5. Bd3 Bb7 6. Nf3 Ne4 7. Qc2 f5 8. O-O
Bxc3 9. bxc3 O-O 10. Nd2 Nxd2 11. Bxd2 d6 12. a4 Nd7 13. a5 Qf6 14. Qa4 Rad8
15. axb6 axb6 16. Qb5 Qe7 17. Ra7 Rb8 18. f3 e5 19. Rxb7 1-0

[Event "NM for klubblag 2019"]
[Site "Scandic Ambassadeur, Drammen"]
[Date "2019.05.30"]
[Round "2"]
[White "Bryn, Askild"]
[Black "Dæhli, Vincent"]
[Result "1-0"]
[WhiteElo "2024"]
[BlackElo "1624"]
[PlyCount "71"]
[EventDate "2019.??.??"]

1. e4 c5 2. Nc3 Nc6 3. f4 e6 4. Nf3 Qc7 5. d3 a6 6. g3 d6 7. Bg2 Nf6 8. O-O Be7
9. h3 O-O 10. Ne2 b5 11. g4 e5 12. f5 c4 13. g5 Nd7 14. Nc3 Nb6 15. dxc4 bxc4
16. Be3 d5 17. exd5 Nb4 18. f6 gxf6 19. gxf6 Bc5 20. Bf2 Bf5 21. Nh4 Bxc2 22.
Qh5 Kh8 23. a3 Nd3 24. Be4 Rg8+ 25. Kh2 Rg6 26. Bxg6 fxg6 27. Nxg6+ Kg8 28.
Bxc5 e4+ 29. d6 Qxc5 30. f7+ Kg7 31. Qxc5 Nxc5 32. f8=Q+ Rxf8 33. Nxf8 e3 34.
d7 Nbxd7 35. Nxd7 Nxd7 36. Rae1
1-0

[Event "NM for klubblag 2019"]
[Site "Scandic Ambassadeur, Drammen"]
[Date "2019.05.30"]
[Round "3"]
[White "Skrede, Per Arne"]
[Black "Kveine, Sigurd Wist"]
[Result "1-0"]
[WhiteElo "1698"]
[BlackElo "1160"]
[PlyCount "59"]
[EventDate "2019.??.??"]

1. e4 e5 2. Nf3 Nc6 3. Bb5 a6 4. Ba4 Bc5 5. c3 b5 6. Bb3 Nf6 7. d4 exd4 8. e5
Qe7 9. O-O Ng4 10. cxd4 Bb4 11. h3 Nh6 12. Bg5 Qf8 13. Nc3 Nf5 14. Re1 h6 15.
Bf4 Ba5 16. d5 Nce7 17. Kh2 Ng6 18. Rc1 Bb7 19. Qd3 Nfe7 20. Re2 O-O-O 21. Ne4
f6 22. exf6 gxf6 23. Rec2 c6 24. Nd6+ Kb8 25. Nf7+ Ka7 26. Nxd8 Qxd8 27. d6 Bb6
28. dxe7 Nxe7 29. Bd6 Rh7 30. Qxh7 1-0

[Event "NM for klubblag 2019"]
[Site "Scandic Ambassadeur, Drammen"]
[Date "2019.05.30"]
[Round "3"]
[White "Utseth, Mikhail"]
[Black "Hansen, PÃ¥l Andreas"]
[Result "0-1"]
[WhiteElo "1605"]
[BlackElo "2118"]
[PlyCount "58"]
[EventDate "2019.??.??"]

1. d4 Nf6 2. c4 g6 3. Nc3 Bg7 4. e4 d6 5. Nf3 O-O 6. Be2 e5 7. d5 a5 8. h3 Na6
9. Be3 Nc5 10. Qc2 Nh5 11. O-O Nf4 12. Kh2 f5 13. Bxc5 dxc5 14. g3 Nxe2 15.
Qxe2 f4 16. Ng1 h5 17. Qf3 Ra6 18. Nce2 g5 19. Qxh5 g4 20. Nf3 Rh6 21. Qg5 gxf3
22. Qxd8 Rxh3+ 23. Kg1 Rxd8 24. gxf4 fxe2 25. Rfe1 exf4 26. Rxe2 f3 27. Re3 Rd6
28. Rxf3 Rxf3 29. Kg2 Rdf6 0-1

[Event "NM for klubblag 2019"]
[Site "Scandic Ambassadeur, Drammen"]
[Date "2019.05.30"]
[Round "3"]
[White "Hagen, Brede Andre Larsen"]
[Black "Nilssen, Ståle"]
[Result "1-0"]
[WhiteElo "2041"]
[BlackElo "1598"]
[PlyCount "46"]
[EventDate "2019.??.??"]

1. e4 c6 2. d4 d5 3. f3 e6 4. Nc3 dxe4 5. fxe4 Bb4 6. Nf3 Ne7 7. a3 Ba5 8. b4
Bb6 9. Na4 a5 10. Nxb6 Qxb6 11. Bd2 axb4 12. axb4 Rxa1 13. Qxa1 Nd7 14. Bd3 O-O
15. O-O e5 16. c3 exd4 17. cxd4 Ng6 18. Kh1 Nf6 19. Ng5 Rd8 20. Bc4 Rxd4 21.
Bxf7+ Kh8 22. Bc3 Rxe4 23. Nxe4 Qg1+
1-0

[Event "NM for klubblag 2019"]
[Site "Scandic Ambassadeur, Drammen"]
[Date "2019.05.30"]
[Round "3"]
[White "Hole, Vegard"]
[Black "Lund, Terje"]
[Result "0-1"]
[WhiteElo "1576"]
[BlackElo "2055"]
[PlyCount "44"]
[EventDate "2019.??.??"]

1. d4 Nf6 2. e3 g6 3. Bd3 Bg7 4. f4 d6 5. Nf3 O-O 6. Nbd2 c5 7. c3 Nc6 8. O-O
e5 9. dxe5 dxe5 10. Ne4 Qe7 11. Qc2 Nd5 12. Bc4 Nb6 13. Bb5 Bf5 14. Bxc6 bxc6
15. Re1 Rfe8 16. g4 Bxg4 17. Ned2 e4 18. Ne5 Bxe5 19. fxe5 Qxe5 20. Nf1 Bf3 21.
Ng3 Qg5 22. b3 h5 0-1

[Event "NM for klubblag 2019"]
[Site "Scandic Ambassadeur, Drammen"]
[Date "2019.05.30"]
[Round "3"]
[White "Stokhaug, Jon Arne"]
[Black "Lid, Trond Olsen"]
[Result "1/2-1/2"]
[WhiteElo "1833"]
[BlackElo "1547"]
[PlyCount "47"]
[EventDate "2019.??.??"]

1. d4 d5 2. Bf4 Nf6 3. e3 e6 4. Nf3 c5 5. c3 Nbd7 6. Nbd2 a6 7. a4 Be7 8. Bd3
h6 9. h3 b6 10. O-O Bb7 11. Qe2 c4 12. Bc2 b5 13. e4 dxe4 14. Nxe4 O-O 15. Ne5
Nxe4 16. Bxe4 Bxe4 17. Qxe4 Nf6 18. Qf3 Nd5 19. Bg3 Bf6 20. Ng4 Bg5 21. Ne5 Bf6
22. Ng4 Bg5 23. Ne5 Bf6 24. Ng4 1/2-1/2

[Event "NM for klubblag 2019"]
[Site "Scandic Ambassadeur, Drammen"]
[Date "2019.05.30"]
[Round "3"]
[White "Bjørkly, Sara Marie Skaug"]
[Black "Kristiansen, Rune Harald"]
[Result "0-1"]
[WhiteElo "1356"]
[BlackElo "1872"]
[PlyCount "70"]
[EventDate "2019.??.??"]

1. d4 e6 2. Bf4 Nf6 3. e3 b6 4. Nf3 Bb7 5. Bd3 Be7 6. Nbd2 d6 7. O-O Nbd7 8. h3
h6 9. Bh2 g5 10. e4 g4 11. hxg4 Nxg4 12. Bf4 h5 13. Nh2 Bg5 14. Bxg5 Qxg5 15.
Ndf3 Qg7 16. Re1 Rg8 17. Nh4 Qxd4 18. Nxg4 Rxg4 19. g3 Rxg3+ 20. Kf1 Rg4 21.
Nf3 Qg7 22. Re2 Ne5 23. Re3 Nxf3 24. Ke2 Nh4 25. Qh1 O-O-O 26. Qh3 Ng2 27. Kd2
Nxe3 28. Qxe3 Qg5 29. Qxg5 Rxg5 30. Rh1 f5 31. Rh4 fxe4 32. Bxe4 Bxe4 33. Rxe4
Rdg8 34. Ke3 Re5 35. Rxe5 dxe5
0-1

[Event "NM for klubblag 2019"]
[Site "Scandic Ambassadeur, Drammen"]
[Date "2019.05.30"]
[Round "3"]
[White "Haugsdal, Arn-Tore"]
[Black "Madsen, Dag"]
[Result "0-1"]
[WhiteElo "1994"]
[BlackElo "2262"]
[PlyCount "28"]
[EventDate "2019.??.??"]

1. e4 e5 2. Bc4 Nc6 3. Nc3 Nf6 4. f4 Nxe4 5. Nf3 Nxc3 6. dxc3 d5 7. Bxd5 Bg4 8.
Bxf7+ Kxf7 9. Bd2 e4 10. Ng5+ Qxg5 11. fxg5 Bxd1 12. O-O+ Bf3 13. Rae1 Bc5+ 14.
Kh1 Rhe8 0-1

[Event "NM for klubblag 2019"]
[Site "Scandic Ambassadeur, Drammen"]
[Date "2019.05.30"]
[Round "3"]
[White "Markussen, Bernt Olav"]
[Black "Haugsvær, Lisbeth"]
[Result "0-1"]
[WhiteElo "1772"]
[BlackElo "1646"]
[PlyCount "76"]
[EventDate "2019.??.??"]

1. d4 d5 2. Bf4 e6 3. e3 Nf6 4. Nf3 Be7 5. h3 b6 6. Bd3 Bb7 7. Ne5 Nbd7 8. Bb5
O-O 9. Nc6 Qe8 10. Nxe7+ Qxe7 11. c3 Rac8 12. O-O c6 13. Ba4 Ne4 14. f3 Nd6 15.
Nd2 Nf6 16. Bh2 Nd7 17. e4 dxe4 18. fxe4 b5 19. Bc2 c5 20. e5 Nc4 21. Nxc4 bxc4
22. Qh5 g6 23. Qh6 cxd4 24. cxd4 f6 25. exf6 Rxf6 26. Qe3 Rcf8 27. Rae1 Bd5 28.
Bd1 Qb4 29. Rxf6 Rxf6 30. Qc3 Qf8 31. Bg3 Nb6 32. Be2 Qa8 33. Bf1 Qf8 34. a3
Qa8 35. Qe3 Na4 36. Qe2 Qb7 37. Bh4 Rf4 38. Bg3 Rxd4
0-1

[Event "NM for klubblag 2019"]
[Site "Scandic Ambassadeur, Drammen"]
[Date "2019.05.30"]
[Round "3"]
[White "Hammer, Jon Ludvig"]
[Black "Elsness, Frode"]
[Result "1-0"]
[WhiteElo "2645"]
[BlackElo "2440"]
[PlyCount "99"]
[EventDate "2019.??.??"]

1. d4 d5 2. c4 e6 3. Nc3 c5 4. e3 Nf6 5. Nf3 Nc6 6. cxd5 exd5 7. Bb5 cxd4 8.
exd4 Be7 9. Ne5 Bd7 10. O-O O-O 11. Bf4 Rc8 12. Re1 a6 13. Bxc6 Bxc6 14. Qb3 b5
15. Nxc6 Rxc6 16. Be5 Rc4 17. Qd1 Bb4 18. Bxf6 Qxf6 19. Nxd5 Qxd4 20. Qxd4 Rxd4
21. Nxb4 Rxb4 22. b3 a5 23. Rad1 a4 24. Re3 g6 25. g3 Rc8 26. Rd7 Rc5 27. Kf1
Kg7 28. Ke1 Rf5 29. f3 g5 30. Kd2 axb3 31. axb3 Rc5 32. Rc3 Rf5 33. Rcd3 Rc5
34. Rc3 Rf5 35. Re3 Rc5 36. Red3 h5 37. Rc3 Rf5 38. Re3 Rc5 39. Red3 h4 40. Rc3
Rf5 41. Re3 hxg3 42. hxg3 Rc5 43. Red3 Kg6 44. Rc3 Rf5 45. Rc6+ f6 46. Kc3
Rxf3+ 47. Kxb4 Rxg3 48. Rc3 Rxc3 49. Kxc3 g4 50. Kd4
1-0

[Event "NM for klubblag 2019"]
[Site "Scandic Ambassadeur, Drammen"]
[Date "2019.05.30"]
[Round "3"]
[White "GrÃ¸ndahl, David A"]
[Black "Blauhut, Holger"]
[Result "0-1"]
[WhiteElo "1688"]
[BlackElo "2041"]
[PlyCount "82"]
[EventDate "2019.??.??"]

1. e4 e5 2. Nf3 Nc6 3. d4 exd4 4. Nxd4 Nf6 5. Nxc6 bxc6 6. e5 Qe7 7. Qe2 Nd5 8.
c4 Nb6 9. b3 Qe6 10. Bb2 Bb4+ 11. Nc3 Bb7 12. a3 Be7 13. Qe3 O-O 14. Bd3 d5 15.
c5 Nd7 16. Na4 f6 17. exf6 Qxe3+ 18. fxe3 Bxf6 19. Bxf6 Rxf6 20. Rf1 Re6 21.
Kd2 Ne5 22. Be2 Rae8 23. Rae1 R6e7 24. b4 g5 25. g4 Kg7 26. Nb2 Bc8 27. h3 Nf7
28. Bf3 Ba6 29. Nd3 Bxd3 30. Kxd3 Ne5+ 31. Kc3 Nc4 32. e4 Nxa3 33. Re3 d4+ 34.
Kxd4 Nc2+ 35. Kd3 Nxe3 36. Kxe3 Rb8 37. Ra1 Rxb4 38. Rxa7 Rb3+ 39. Ke2 Rf7 40.
Bh1 Rxh3 41. Ra1 Rc3 0-1

[Event "NM for klubblag 2019"]
[Site "Scandic Ambassadeur, Drammen"]
[Date "2019.05.30"]
[Round "3"]
[White "Aspeland, Andreas"]
[Black "Nizar, Siako"]
[Result "1-0"]
[WhiteElo "1554"]
[BlackElo "1176"]
[PlyCount "43"]
[EventDate "2019.??.??"]

1. e4 e6 2. d4 d5 3. e5 c5 4. c3 Nc6 5. Nf3 Qb6 6. a3 Be7 7. b4 cxd4 8. cxd4
Bd8 9. Bb2 Bd7 10. Nbd2 a5 11. b5 Nce7 12. a4 Qa7 13. Nb3 b6 14. Bd3 Nh6 15. h3
O-O 16. g4 Ng6 17. Bc1 Rc8 18. Bxh6 gxh6 19. Qd2 Kg7 20. h4 f5 21. h5 Ne7 22.
g5 1-0

[Event "NM for klubblag 2019"]
[Site "Scandic Ambassadeur, Drammen"]
[Date "2019.05.30"]
[Round "3"]
[White "Morad, Hassen M"]
[Black "Hellenes, Andrè Tsolis"]
[Result "1-0"]
[WhiteElo "1594"]
[BlackElo "1693"]
[PlyCount "50"]
[EventDate "2019.??.??"]

1. d4 d5 2. c4 c6 3. Nc3 Nf6 4. cxd5 cxd5 5. Nf3 Nc6 6. Bf4 a6 7. e3 e6 8. a3
Be7 9. Bd3 O-O 10. Ng5 Bd6 11. Qf3 h6 12. h4 Bxf4 13. Qxf4 Qe7 14. Nf3 Re8 15.
Ne5 Nxe5 16. dxe5 Nd7 17. g4 f6 18. exf6 Qxf6 19. Qg3 Ne5 20. Be2 Nc4 21. Bxc4
dxc4 22. g5 Qg6 23. O-O-O b5 24. Ne2 Bb7 25. Nf4 Qh7
1-0

[Event "NM for klubblag 2019"]
[Site "Scandic Ambassadeur, Drammen"]
[Date "2019.05.30"]
[Round "3"]
[White "Strand, Vetle BjÃ¸rge"]
[Black "Kierulf, Villum Brevick"]
[Result "1/2-1/2"]
[WhiteElo "1477"]
[BlackElo "1400"]
[PlyCount "59"]
[EventDate "2019.??.??"]

1. d4 Nf6 2. c4 g6 3. Nf3 Bg7 4. Bg5 O-O 5. Nc3 d6 6. e3 Nbd7 7. Be2 c5 8. O-O
Re8 9. h3 b6 10. Rc1 Nf8 11. Bf4 Ne6 12. Bh2 Bd7 13. Qc2 cxd4 14. exd4 Nc7 15.
Rfd1 Bf5 16. Bd3 Bxd3 17. Qxd3 Qd7 18. b3 Rad8 19. Rc2 Ne6 20. Ne2 d5 21. cxd5
Nxd5 22. Qd2 Rc8 23. Rdc1 Rxc2 24. Rxc2 Rc8 25. Be5 Rxc2 26. Qxc2 Bxe5 27. Nxe5
Qc7 28. Qxc7 Nexc7 29. Nc6 a5 30. Ne5 1/2-1/2

[Event "NM for klubblag 2019"]
[Site "Scandic Ambassadeur, Drammen"]
[Date "2019.05.30"]
[Round "3"]
[White "Lystad, Frank"]
[Black "Nordtug, Per Ã~istein"]
[Result "1-0"]
[WhiteElo "1771"]
[BlackElo "1447"]
[PlyCount "43"]
[EventDate "2019.??.??"]

1. d4 Nf6 2. Bf4 d6 3. Nc3 Bf5 4. e3 Nbd7 5. Nf3 c5 6. Bd3 cxd4 7. exd4 Bg6 8.
O-O e6 9. h3 Bxd3 10. Qxd3 d5 11. Nb5 Be7 12. Nc7+ Kf8 13. Nxa8 h5 14. Nc7 Ne4
15. Nb5 a6 16. Nc3 Ndf6 17. Nd2 Nxd2 18. Qxd2 Bd6 19. Bxd6+ Qxd6 20. Ne2 Ng4
21. hxg4 hxg4 22. Qf4 1-0

[Event "NM for klubblag 2019"]
[Site "Scandic Ambassadeur, Drammen"]
[Date "2019.05.30"]
[Round "3"]
[White "HÃ¸iom, Jonas"]
[Black "Johansen, KolbjÃ¸rn-Albin"]
[Result "1/2-1/2"]
[WhiteElo "1293"]
[BlackElo "1688"]
[PlyCount "46"]
[EventDate "2019.??.??"]

1. c4 e6 2. d4 f5 3. Nc3 Nf6 4. Nf3 Be7 5. g3 O-O 6. Bg2 d6 7. O-O Ne4 8. Qc2
Nxc3 9. Qxc3 a5 10. b3 Bf6 11. Bb2 Nc6 12. Qd2 e5 13. dxe5 dxe5 14. Rad1 Qxd2
15. Rxd2 e4 16. Ne1 Bxb2 17. Rxb2 Be6 18. Nc2 Rad8 19. Ne3 Rd7 20. Rc1 Rfd8 21.
a3 Rd2 22. Rbc2 Rxc2 23. Rxc2 Kf7 1/2-1/2

[Event "NM for klubblag 2019"]
[Site "Scandic Ambassadeur, Drammen"]
[Date "2019.05.30"]
[Round "3"]
[White "Areklett, Ivar"]
[Black "Syrrist, Guttorm Strande"]
[Result "1-0"]
[WhiteElo "1984"]
[BlackElo "1535"]
[PlyCount "41"]
[EventDate "2019.??.??"]

1. e4 e5 2. Nf3 Nc6 3. Bc4 Bc5 4. b4 Bxb4 5. c3 Ba5 6. d4 exd4 7. Qb3 Qe7 8.
O-O Bb6 9. cxd4 Nxd4 10. Nxd4 Bxd4 11. Nc3 Nf6 12. Nb5 Bb6 13. Ba3 c5 14. e5
Ne4 15. Qd3 Ng5 16. f4 O-O 17. fxg5 Qxe5 18. Rae1 Qxg5 19. Nd6 Qg6 20. Rxf7
Qxd3 21. Rxf8+ 1-0

[Event "NM for klubblag 2019"]
[Site "Scandic Ambassadeur, Drammen"]
[Date "2019.05.30"]
[Round "3"]
[White "Ramirez, Manuel"]
[Black "Oommen, John Samuel"]
[Result "1-0"]
[WhiteElo "2089"]
[BlackElo "1392"]
[PlyCount "27"]
[EventDate "2019.??.??"]

1. d4 Nf6 2. c4 g6 3. Nc3 d5 4. Nf3 Bg7 5. Bg5 Ne4 6. cxd5 Nxg5 7. Nxg5 e6 8.
Qd2 exd5 9. Qe3+ Kf8 10. Qf4 f6 11. e4 dxe4 12. Bc4 Qxd4 13. Qxc7 fxg5 14. Qf7#
1-0

[Event "NM for klubblag 2019"]
[Site "Scandic Ambassadeur, Drammen"]
[Date "2019.05.30"]
[Round "3"]
[White "Hansen, Tor Magnus"]
[Black "GrÃ¸ver, Sigurd Loe"]
[Result "0-1"]
[WhiteElo "1535"]
[BlackElo "2028"]
[PlyCount "36"]
[EventDate "2019.??.??"]

1. Nf3 d5 2. b3 Nf6 3. Bb2 e6 4. e3 Bd6 5. Ne5 O-O 6. f4 c5 7. d3 Nfd7 8. Ng4
Nc6 9. Nh6+ Kh8 10. Qg4 d4 11. exd4 cxd4 12. Be2 Qf6 13. Bf3 Qxh6 14. Bxc6 bxc6
15. Bxd4 Nf6 16. Qf3 Qxf4 17. Qxc6 Qxd4 18. c3 Qe3+ 0-1

[Event "NM for klubblag 2019"]
[Site "Scandic Ambassadeur, Drammen"]
[Date "2019.05.30"]
[Round "3"]
[White "Rueda-Kjeldsen, Juan Carlos"]
[Black "Rosendahl, Guttorm"]
[Result "1-0"]
[WhiteElo "1963"]
[BlackElo "1431"]
[PlyCount "49"]
[EventDate "2019.??.??"]

1. Nf3 d5 2. b3 Nc6 3. Bb2 Bf5 4. e3 e6 5. Bb5 a6 6. Bxc6+ bxc6 7. O-O Nf6 8.
Ne5 Qd6 9. f4 Nd7 10. g4 Bg6 11. Ba3 c5 12. d4 f6 13. Nd3 Bxd3 14. Qxd3 Qb6 15.
c4 cxd4 16. Bxf8 Nxf8 17. exd4 c5 18. cxd5 cxd4 19. Nd2 Qb5 20. Nc4 Qxd5 21.
Nb6 Qc6 22. Nxa8 Qxa8 23. Qxd4 Ng6 24. Rae1 Kf7 25. Qd7+ 1-0

[Event "NM for klubblag 2019"]
[Site "Scandic Ambassadeur, Drammen"]
[Date "2019.05.30"]
[Round "3"]
[White "EkornÃ¥svÃ¥g, Harald"]
[Black "Omtvedt, Per"]
[Result "0-1"]
[WhiteElo "1206"]
[BlackElo "1894"]
[PlyCount "60"]
[EventDate "2019.??.??"]

1. d4 Nf6 2. c4 e6 3. Nc3 d5 4. Nf3 c6 5. e3 Nbd7 6. Bd3 dxc4 7. Bxc4 b5 8. Bd3
b4 9. Ne4 Bb7 10. Nxf6+ Nxf6 11. Be2 Qb6 12. Qb3 Be7 13. Bd2 O-O 14. O-O Ne4
15. Rfd1 a5 16. Qc2 c5 17. dxc5 Bxc5 18. Bd3 Nf6 19. Be2 Rac8 20. a3 bxa3 21.
bxa3 Bxa3 22. Qa4 Bb4 23. Bxb4 axb4 24. Rdb1 Ra8 25. Qb5 Qxb5 26. Bxb5 Rxa1 27.
Rxa1 Bd5 28. Rb1 b3 29. Rb2 Ra8 30. g3 Bxf3 0-1

[Event "NM for klubblag 2019"]
[Site "Scandic Ambassadeur, Drammen"]
[Date "2019.05.30"]
[Round "3"]
[White "Tandberg, Gjermund"]
[Black "Olsen, Geir"]
[Result "1-0"]
[WhiteElo "1598"]
[BlackElo "1466"]
[PlyCount "76"]
[EventDate "2019.??.??"]

1. d4 Nf6 2. Nf3 e6 3. Bf4 c5 4. e3 Qb6 5. b3 Nc6 6. c3 cxd4 7. exd4 Be7 8.
Nbd2 O-O 9. Nc4 Qd8 10. Bd3 Nd5 11. Bd2 f5 12. O-O d6 13. Ne3 Nc7 14. c4 Bf6
15. Bc3 Bd7 16. Rc1 Be8 17. d5 Ne7 18. dxe6 Bxc3 19. Rxc3 Nxe6 20. Qb1 g6 21.
Rd1 Bc6 22. Ne1 Nf4 23. Bf1 Qa5 24. b4 Qe5 25. Rdc1 Rad8 26. Nd3 Nxd3 27. Qxd3
f4 28. Nc2 Be4 29. Qd4 Nc6 30. Qd2 g5 31. Re1 Qf5 32. Nd4 Nxd4 33. Qxd4 Bc6 34.
b5 Be8 35. Qxa7 Bh5 36. Qxb7 f3 37. g3 Kh8 38. Qd5 Qd7
1-0

[Event "NM for klubblag 2019"]
[Site "Scandic Ambassadeur, Drammen"]
[Date "2019.05.30"]
[Round "3"]
[White "Seglem, Ole Andre"]
[Black "Strand, Ingrid"]
[Result "1-0"]
[WhiteElo "1436"]
[BlackElo "1526"]
[PlyCount "81"]
[EventDate "2019.??.??"]

1. d4 d5 2. c4 e6 3. Nc3 Nf6 4. Nf3 Be7 5. Bf4 O-O 6. e3 Nbd7 7. Be2 dxc4 8.
Bxc4 b6 9. O-O Bb7 10. Qe2 Re8 11. Rac1 a6 12. Rfd1 Qc8 13. d5 Nf8 14. dxe6
Nxe6 15. Bxe6 fxe6 16. Na4 Bxf3 17. gxf3 Ra7 18. Nxb6 Qb7 19. Bxc7 Rf8 20. e4
Ne8 21. Rd7 Bf6 22. Qc4 Nxc7 23. Qxc7 Qxc7 24. Rcxc7 Rxc7 25. Rxc7 Bxb2 26. Kg2
Bd4 27. Rc6 e5 28. Nd5 Ra8 29. f4 exf4 30. Nxf4 a5 31. Rc4 Bb2 32. Nd5 Re8 33.
f3 Ra8 34. f4 h6 35. e5 Ra7 36. e6 Ba3 37. Kf3 h5 38. f5 Bd6 39. Rh4 a4 40.
Rxh5 Ra5 41. f6
1-0